000 00878nam a2200253Ia 4500
003 OSt
005 20220923211543.0
006 a|||||r|||| 00| 0
007 ta
008 220922b |||||||| |||| 00| 0 pan d
020 _a9789383437849 (hbk)
_c195
024 _a331,560
037 _b1023, 08/03/2018, H.K. Prakashan
_cTextual
040 _aARTS
_cARTS
_bpan
041 _2pan
_apan
082 _aU8, 153Q7
100 _aਕੈ੍ਵਥ, ਮਹਿੰਦਰ ਸਿੰਘ, ਂਚ.
_9156325
245 0 _aਕੰਨਿਆ ਕੁਮਾਰੀ ਤੱਕ
260 _aਲੁਧਿਆਨਾ
_b ਕੈ਼੍ਵਥ ਪ੍ਰਕਾFਨ
_c2017
300 _a66ਪ0
_ccm.
650 _aਸਖ਼ਰਨਾਮਾ
942 _hU8, 153Q7
_cTEXL
_2CC
999 _c300711
_d300711